Deutsche Subventionspolitik in Zahlen 1973-1981 Anlagenband zum zweiten Strukturbericht des Instituts für Weltwirtschaft

Salvato in:
Dettagli Bibliografici
Autore principale: Jüttemeier, Karl H.
Natura: Libro
Lingua:tedesco
Pubblicazione: Kiel Institut für Weltwirtschaft 1984
Tags: Aggiungi Tag
Nessun Tag, puoi essere il primo ad aggiungerne!!

MARC

LEADER 00000nam a2200000 4500
001 c113358
005 20181203150322.2
041 0 |a ger 
044 |a DE 
245 1 0 |a Deutsche Subventionspolitik in Zahlen 1973-1981  |b Anlagenband zum zweiten Strukturbericht des Instituts für Weltwirtschaft  |c Karl H. Jüttemeier 
264 1 |a Kiel  |b Institut für Weltwirtschaft  |c 1984 
300 |a 124 s. 
100 1 |a Jüttemeier, Karl H.